Remembering the phallic mother : psychoanalysis, modernism, and the fetish /

Bibliographic Details
Main Author: Ian, Marcia, 1950-
Format: Book
Language:English
Published: Ithaca : Cornell University Press, 1993.
Subjects:

MARC

Tag First Indicator Second Indicator Subfields
LEADER 00000cam a2200000 a 4500
001 in00001138024
005 20150930084918.0
008 920924s1993 nyu b 001 0 eng
010 |a  92033381  
020 |a 0801426375 (alk. paper) 
020 |a 0801499410 (pbk.) 
035 |a (OCoLC)26806178 
035 |9 AFX8067AM 
040 |a DLC  |c DLC  |d TXA  |d UtOrBLW 
049 |a TXAM 
050 0 0 |a PN56.P92  |b I36 1993 
082 0 0 |a 801/.92  |2 20 
100 1 |a Ian, Marcia,  |d 1950- 
245 1 0 |a Remembering the phallic mother :  |b psychoanalysis, modernism, and the fetish /  |c Marcia Ian. 
264 1 |a Ithaca :  |b Cornell University Press,  |c 1993. 
300 |a xiii, 241 pages ;  |c 24 cm. 
336 |a text  |b txt  |2 rdacontent 
337 |a unmediated  |b n  |2 rdamedia 
338 |a volume  |b nc  |2 rdacarrier 
504 |a Includes bibliographical references and index. 
650 0 |a Psychoanalysis and literature. 
650 0 |a Mothers in literature. 
650 0 |a Femininity in literature. 
650 0 |a Bisexuality in literature. 
650 0 |a Fetishism in literature. 
650 0 |a Modernism (Literature) 
650 0 |a Feminism and literature. 
650 0 |a Literature, Modern  |x History and criticism. 
999 |a MARS 
999 f f |s f42cd1a7-aba5-3392-ae75-7ab2c9694f5e  |i bfa62b82-fdb7-3dc9-905b-bbeaace62935  |t 0 
952 f f |p ric  |a Texas A&M University  |b Rellis Campus  |c Joint Library Facility  |d Remote Storage  |t 0  |e PN56.P92 I36 1993  |h Library of Congress classification  |i unmediated -- volume  |m A14817399598 
998 f f |a PN56.P92 I36 1993  |t 0  |l Remote Storage